[Event "Paracin 2019"]
[Site "Paracin"]
[Date "2019.07.06"]
[Round "2.8"]
[White "Wong, Jianwen"]
[Black "Stojanovic, Mihajlo"]
[Result "0-1"]
[WhiteElo "2301"]
[BlackElo "2483"]
[PlyCount "98"]
[EventDate "2019.??.??"]

1. c4 c6 2. Nf3 d5 3. g3 dxc4 4. Bg2 b5 5. O-O Bb7 6. Nc3 e6 7. d3 cxd3 8. Ne5
Nd7 9. Nxd3 a6 10. Be3 Ngf6 11. Ne4 Nxe4 12. Bxe4 Be7 13. Rc1 Rc8 14. Qc2 Qc7
15. Nc5 Nxc5 16. Bxc5 Bxc5 17. Qxc5 Qe7 18. Qa7 Rc7 19. Bxc6+ Bxc6 20. Qb6 O-O
21. Rxc6 Rxc6 22. Qxc6 Qb4 23. Qc2 Rd8 24. Rd1 Rxd1+ 25. Qxd1 g6 26. Qc2 Kg7
27. Kg2 a5 28. Kf3 e5 29. a3 Qd4 30. e3 Qd5+ 31. Qe4 Qc5 32. b4 axb4 33. axb4
Qc3 34. Qd5 Qxb4 35. Qxe5+ f6 36. Qc7+ Kh6 37. Qd8 Kg7 38. Qd7+ Kh6 39. Qd8 f5
40. h4 Qe4+ 41. Ke2 b4 42. Qf8+ Kh5 43. Qf6 Kg4 44. Qg5+ Kh3 45. Qf6 Kg2 46.
Qb2 Qc4+ 47. Kd2 Qc3+ 48. Qxc3 bxc3+ 49. Kxc3 Kxf2 0-1

[Event "Paracin 2019"]
[Site "Paracin"]
[Date "2019.07.06"]
[Round "2.17"]
[White "Nandhidhaa, P V."]
[Black "Wadsworth, Matthew J"]
[Result "1/2-1/2"]
[WhiteElo "2259"]
[BlackElo "2418"]
[PlyCount "146"]
[EventDate "2019.??.??"]

1. e4 c5 2. Nf3 e6 3. d4 cxd4 4. Nxd4 Nc6 5. Nc3 Qc7 6. Be2 a6 7. Be3 Nf6 8.
O-O Bb4 9. Nxc6 bxc6 10. Qd4 c5 11. Qc4 O-O 12. Na4 d5 13. exd5 exd5 14. Qf4
Qc6 15. c3 c4 16. cxb4 Qxa4 17. Bd4 Qc6 18. Bf3 Bb7 19. Rac1 Rfe8 20. b3 Ne4
21. Rfe1 c3 22. Bxe4 Rxe4 23. Rxe4 dxe4 24. Rxc3 Qd5 25. Qe5 Qxe5 26. Bxe5 Rd8
27. h4 f6 28. Bf4 Rd4 29. Rc4 Rd1+ 30. Kh2 Ra1 31. Rc7 Bd5 32. Rc5 Bb7 33. Ra5
Rb1 34. b5 axb5 35. Rxb5 Bc6 36. Rc5 Bd7 37. Be3 Rb2 38. Ra5 Kf7 39. Kg3 Ke6
40. Kf4 Bc6 41. Bc5 e3 42. Kxe3 Bxg2 43. b4 g5 44. Ra6+ Kf5 45. h5 Kg4 46. h6
f5 47. Ra7 Kh5 48. f4 g4 49. Rxh7 Rxa2 50. Bf8 Ra8 51. Rf7 Kg6 52. Rg7+ Kxh6
53. Rxg4+ Rxf8 54. Rxg2 Re8+ 55. Kf3 Rb8 56. Rb2 Rb5 57. Ke3 Kh5 58. Kf3 Kh6
59. Rb3 Kh5 60. Rb1 Kh6 61. Ke2 Kh5 62. Ke3 Kg4 63. Rg1+ Kh4 64. Rg5 Rd5 65.
Rg8 Rb5 66. Kd4 Rxb4+ 67. Ke5 Rb5+ 68. Kf6 Kh5 69. Re8 Kg4 70. Re1 Kxf4 71.
Rf1+ Ke4 72. Re1+ Kf3 73. Rf1+ Ke2 1/2-1/2

[Event "International Tournament "]
[Site "Paracin, Pool "]
[Date "2019.07.06"]
[Round "2.31"]
[White "Nestorovic, Dejan"]
[Black "Nakahara, Kan"]
[Result "1-0"]
[WhiteElo "2341"]
[BlackElo "1958"]
[PlyCount "83"]
[EventDate "2019.07.05"]

1. Nf3 Nf6 2. c4 e6 3. d4 Bb4+ 4. Nbd2 O-O 5. a3 Be7 6. e3 d5 7. b3 dxc4 8.
bxc4 c5 9. Bd3 b6 10. O-O Bb7 11. Bb2 cxd4 12. exd4 Qc7 13. Qe2 Nc6 14. Rad1
Rad8 15. Rfe1 Qf4 16. Qe3 Qg4 17. h3 Qh5 18. Bf1 Rfe8 19. g3 Bd6 20. Bg2 Ne7
21. Qb3 Ng6 22. a4 Ba8 23. Qb5 Rc8 24. Ra1 Bc6 25. Qb3 Rb8 26. Bc3 Ne7 27. Qb2
Qh6 28. Bb4 Bxb4 29. Qxb4 Bxf3 30. Nxf3 Nc6 31. Qb5 Rec8 32. d5 exd5 33. cxd5
a6 34. Qb3 Na5 35. Qd3 Rd8 36. Nd4 Qh5 37. Nf5 Nc6 38. Qxa6 Nxd5 39. g4 Qg5 40.
Bxd5 Rxd5 41. Qxb6 Rbd8 42. Qxc6 1-0

[Event "International Tournament "]
[Site "Paracin, Pool "]
[Date "2019.07.06"]
[Round "2.32"]
[White "Sanal, Vahap"]
[Black "Kanov, Nikola"]
[Result "1-0"]
[WhiteElo "2520"]
[BlackElo "1908"]
[PlyCount "96"]
[EventDate "2019.07.05"]

1. e4 e6 2. d4 d5 3. Nd2 Nc6 4. Ngf3 Nf6 5. e5 Nd7 6. Bd3 Nb4 7. Be2 c5 8. c3
Nc6 9. O-O f6 10. exf6 Qxf6 11. Nb3 Bd6 12. Bg5 Qf7 13. c4 cxd4 14. Nbxd4 Nxd4
15. Qxd4 O-O 16. Rad1 Bc5 17. Qd2 Nb6 18. b4 Be7 19. Bxe7 Qxe7 20. Ne5 Qc7 21.
Qd4 a5 22. b5 dxc4 23. Qd6 Qxd6 24. Rxd6 Nd5 25. Bxc4 a4 26. g3 Nc3 27. Re1 Ra5
28. Nd7 Bxd7 29. Rxd7 Rxb5 30. Bxb5 Nxb5 31. Rxe6 Kh8 32. Ree7 Rg8 33. Rxb7 Nc3
34. a3 h6 35. h4 Nd5 36. Red7 Nf6 37. Rd4 Ra8 38. Rbb4 Rc8 39. Rxa4 Rc1+ 40.
Kg2 Re1 41. Ra7 h5 42. a4 Re2 43. a5 Ra2 44. Rf4 Nd5 45. Rf8+ Kh7 46. Rff7 Ne3+
47. Kh3 Ng4 48. Rxg7+ Kh8 1-0

[Event "International Tournament "]
[Site "Paracin, Pool "]
[Date "2019.07.06"]
[Round "2.33"]
[White "Uzumcu, Ahmet Utku"]
[Black "Korpa, Bence"]
[Result "0-1"]
[WhiteElo "2201"]
[BlackElo "2523"]
[PlyCount "72"]
[EventDate "2019.07.05"]

1. e4 c6 2. d4 d5 3. Nc3 dxe4 4. Nxe4 Nf6 5. Nxf6+ exf6 6. c3 Bd6 7. Bd3 O-O 8.
Qc2 Re8+ 9. Ne2 h5 10. Be3 Nd7 11. O-O-O Nf8 12. c4 Be6 13. Kb1 Rc8 14. Nc3 Ng6
15. Ne4 b5 16. Nc5 Bxc4 17. Bxc4 bxc4 18. Qxc4 Ne7 19. Bd2 Bxc5 20. dxc5 Qd7
21. f3 Nd5 22. Rhe1 Re5 23. Qd3 Rce8 24. Rxe5 fxe5 25. Re1 Qe7 26. Qc4 Qf6 27.
Qc2 Qh4 28. h3 Qd4 29. b3 f6 30. Ba5 Ne3 31. Qe2 Qxc5 32. b4 Rb8 33. Qxe3 Qxa5
34. Qb3+ Qd5 35. Kc2 Qxb3+ 36. Kxb3 c5 0-1

[Event "International Tournament "]
[Site "Paracin, Pool "]
[Date "2019.07.06"]
[Round "2.34"]
[White "Sahin, Ozgun"]
[Black "Lorparizangeneh, Shahin"]
[Result "0-1"]
[WhiteElo "2214"]
[BlackElo "2494"]
[PlyCount "36"]
[EventDate "2019.07.05"]

1. e4 c5 2. c3 Nf6 3. e5 Nd5 4. d4 cxd4 5. Nf3 Nc6 6. cxd4 d6 7. Bc4 dxe5 8.
Nxe5 e6 9. O-O Be7 10. Nxc6 bxc6 11. Nc3 O-O 12. a3 a5 13. Qe2 Qc7 14. Bd2 Bf6
15. Qd3 Qa7 16. Be3 Rd8 17. Ne4 Be7 18. Bg5 f5 0-1

[Event "International Tournament "]
[Site "Paracin, Pool "]
[Date "2019.07.06"]
[Round "2.35"]
[White "Milanovic, Danilo"]
[Black "Vafin, Ayrat"]
[Result "1/2-1/2"]
[WhiteElo "2492"]
[BlackElo "2213"]
[PlyCount "164"]
[EventDate "2019.07.05"]

1. d4 d5 2. c4 e6 3. Nc3 Be7 4. Nf3 Nf6 5. e3 O-O 6. Bd3 b6 7. O-O Bb7 8. cxd5
exd5 9. Ne5 c5 10. Qf3 Nc6 11. Rd1 Bd6 12. Ng4 Nxg4 13. Qxg4 c4 14. Bf1 Ne7 15.
b3 cxb3 16. axb3 a5 17. Nb5 Bb4 18. Bb2 Bc8 19. Qf4 Be6 20. Rdc1 Rc8 21. Rxc8
Nxc8 22. Rc1 Nd6 23. Nc7 Ne4 24. Qe5 Qd6 25. Qxd6 Nxd6 26. Rc6 Rc8 27. Ba6 Rb8
28. Bd3 Rc8 29. Rc1 g6 30. Kf1 Kf8 31. Ke2 Ke7 32. Ba6 Rb8 33. Nxe6 Kxe6 34.
Bd3 Rc8 35. Rxc8 Nxc8 36. f3 f5 37. e4 fxe4 38. fxe4 dxe4 39. Bxe4 Ne7 40. Kd3
b5 41. Bf3 Nd5 42. Bc1 Bd6 43. Bg4+ Kf6 44. g3 a4 45. bxa4 bxa4 46. Kc4 Nc7 47.
Bd1 a3 48. Bg4 h5 49. Bd7 Ke7 50. Bc8 a2 51. Bb2 h4 52. gxh4 Bxh2 53. Kb3 Bg3
54. Kxa2 Bxh4 55. Kb3 Bg3 56. Bc1 Bd6 57. Bg5+ Kf7 58. Kc4 Kf8 59. Kd3 Kf7 60.
Ke4 Kf8 61. Bd7 Kf7 62. Ba4 Kf8 63. Bb3 Ke8 64. Bc4 Kf8 65. Kf3 Ke8 66. Kg4 Kf8
67. Bh6+ Ke7 68. Bg7 Ne6 69. Bh8 Kf7 70. Kf3 Ke7 71. Ke4 Nc7 72. Bg7 Bh2 73.
Bh6 Bd6 74. Bg5+ Kf8 75. Bf6 Ke8 76. Kf3 Kf8 77. Bd3 Ne6 78. Bxg6 Nxd4+ 79.
Bxd4 Ke7 80. Ke4 Ke6 81. Kf3 Be5 82. Bxe5 Kxe5 1/2-1/2

[Event "International Tournament "]
[Site "Paracin, Pool "]
[Date "2019.07.06"]
[Round "2.36"]
[White "Kosic, Dragan"]
[Black "Kantorik, Marian"]
[Result "1-0"]
[WhiteElo "2482"]
[BlackElo "2196"]
[PlyCount "73"]
[EventDate "2019.07.05"]

1. d4 d5 2. Nf3 e6 3. c4 c5 4. cxd5 exd5 5. Nc3 Nc6 6. dxc5 d4 7. Na4 Bxc5 8.
Nxc5 Qa5+ 9. Qd2 Qxc5 10. a3 Bg4 11. b4 Qd5 12. Bb2 Rd8 13. Rd1 Bxf3 14. gxf3
Nf6 15. Rg1 O-O 16. Qg5 Qxg5 17. Rxg5 h6 18. Rf5 Nd5 19. e4 Nc3 20. Bxc3 dxc3
21. Rxd8 Rxd8 22. Rc5 Rd2 23. Rxc3 Ra2 24. Bc4 Ra1+ 25. Ke2 g5 26. b5 Ne5 27.
Bd5 b6 28. Rc7 Kg7 29. f4 Ng4 30. Kf3 Nxh2+ 31. Kg2 Ng4 32. Rxa7 gxf4 33. Rxf7+
Kg6 34. Rd7 Ne5 35. Re7 Nd3 36. e5 Kg5 37. e6 1-0

[Event "International Tournament "]
[Site "Paracin, Pool "]
[Date "2019.07.06"]
[Round "2.37"]
[White "Brankovic, Vladislav"]
[Black "Soysal, Serkan"]
[Result "1/2-1/2"]
[WhiteElo "2144"]
[BlackElo "2431"]
[PlyCount "69"]
[EventDate "2019.07.05"]

1. e4 d5 2. exd5 Nf6 3. d4 Bg4 4. Be2 Bxe2 5. Nxe2 Qxd5 6. O-O Nc6 7. c3 O-O-O
8. Nf4 Qf5 9. Qd3 Qxd3 10. Nxd3 e5 11. Nxe5 Nxe5 12. dxe5 Ng4 13. Bf4 Bc5 14.
Nd2 Nxe5 15. Ne4 Nd3 16. Nxc5 Nxc5 17. Be3 Na4 18. Rab1 f6 19. Rfc1 Rhe8 20.
Kf1 Re6 21. b3 Nb6 22. Bxb6 axb6 23. Rd1 Rde8 24. Re1 Kd7 25. Rxe6 Rxe6 26.
Rd1+ Kc6 27. Rd3 b5 28. f3 Re8 29. h4 h5 30. Kf2 Ra8 31. Rd2 g5 32. g3 Re8 33.
Rd4 Ra8 34. Rd2 Re8 35. Rd4 1/2-1/2

[Event "International Tournament "]
[Site "Paracin, Pool "]
[Date "2019.07.06"]
[Round "2.38"]
[White "Djukic, Sandra"]
[Black "Ratkovic, Milovan"]
[Result "0-1"]
[WhiteElo "2153"]
[BlackElo "2407"]
[PlyCount "70"]
[EventDate "2019.07.05"]

1. d4 d5 2. c4 dxc4 3. Nf3 a6 4. e3 Bg4 5. Bxc4 e6 6. h3 Bh5 7. O-O Nf6 8. b3
Bd6 9. Bb2 O-O 10. Nbd2 Nc6 11. Be2 Qe8 12. Ne5 Bxe2 13. Qxe2 Nd5 14. Rac1 Nce7
15. e4 Nf4 16. Qe3 Nfg6 17. Nxg6 fxg6 18. g3 Qd7 19. Kg2 Rf7 20. f4 Raf8 21.
Nf3 h6 22. Qe2 c6 23. h4 b5 24. Ne5 Bxe5 25. dxe5 c5 26. Rfd1 Qb7 27. Rxc5 g5
28. hxg5 hxg5 29. Bc1 gxf4 30. gxf4 Ng6 31. Qc2 Nxf4+ 32. Kh1 Nh3 33. Be3 Qe7
34. Rd2 Qh4 35. Rc8 Nf2+ 0-1

[Event "International Tournament "]
[Site "Paracin, Pool "]
[Date "2019.07.06"]
[Round "2.39"]
[White "Karaoglan, Kivanc"]
[Black "Abramovic, Bosko"]
[Result "0-1"]
[WhiteElo "2062"]
[BlackElo "2373"]
[PlyCount "60"]
[EventDate "2019.07.05"]

1. d4 Nf6 2. c4 e6 3. Nf3 b6 4. a3 Bb7 5. Nc3 d5 6. cxd5 exd5 7. Bg5 Be7 8. e3
Nbd7 9. Be2 h6 10. Bh4 O-O 11. O-O Ne4 12. Bxe7 Qxe7 13. Rc1 c5 14. dxc5 Nxc3
15. Rxc3 bxc5 16. Qa4 Nf6 17. Ba6 Bxa6 18. Qxa6 Rab8 19. Rc2 Rb6 20. Qa5 c4 21.
Rd1 Rfb8 22. Qd2 Qb7 23. Rb1 Rb3 24. a4 Ne4 25. Qd4 c3 26. Ne5 Rb4 27. Qd1 Rxb2
28. Rcxb2 cxb2 29. Qd4 Qc7 30. Nd3 Qc2 0-1

[Event "International Tournament "]
[Site "Paracin, Pool "]
[Date "2019.07.06"]
[Round "2.40"]
[White "Maksimovic, Masa"]
[Black "Baglan, Esat"]
[Result "0-1"]
[WhiteElo "2102"]
[BlackElo "2336"]
[PlyCount "136"]
[EventDate "2019.07.05"]

1. e4 c5 2. Nc3 a6 3. Nf3 d6 4. d4 cxd4 5. Nxd4 Nf6 6. h3 e6 7. g4 h6 8. Bg2 g5
9. Be3 Nbd7 10. Qe2 Ne5 11. f4 gxf4 12. Bxf4 Nfd7 13. O-O-O b5 14. Nf3 Qc7 15.
Nxe5 Nxe5 16. h4 Bb7 17. g5 hxg5 18. hxg5 Bg7 19. Rxh8+ Bxh8 20. Be3 Nc4 21.
Rd3 Nxb2 22. Kxb2 b4 23. Kc1 Bxc3 24. g6 O-O-O 25. gxf7 Qxf7 26. Bd4 Bxd4 27.
Rxd4 a5 28. Qd2 Qf6 29. c3 bxc3 30. Rc4+ Kb8 31. Rxc3 Qe5 32. Qb2 Rg8 33. Rc2
Qxb2+ 34. Kxb2 Rg4 35. Re2 e5 36. Kc1 Rg3 37. Kb2 Kc7 38. Bf1 Bc6 39. Re1 Kb6
40. Bc4 Kc5 41. Be6 Rg2+ 42. Kc3 Rf2 43. Re3 Bb7 44. Bb3 Rf4 45. Bc2 Bc6 46.
Bd3 Bb5 47. Bc2 Bc4 48. a3 Bb5 49. Rg3 Bc6 50. Re3 Rh4 51. Kb2 Rh2 52. Kc3 Bd7
53. Rg3 Rh3 54. Rxh3 Bxh3 55. Bb3 Bd7 56. Bc2 Be8 57. Bd3 Bg6 58. Bc2 d5 59.
exd5 Bxc2 60. Kxc2 a4 61. Kc3 Kxd5 62. Kd3 Kc5 63. Ke4 Kd6 64. Ke3 Kd5 65. Kd3
e4+ 66. Ke3 Ke5 67. Ke2 Kd4 68. Kd2 Kc4 0-1

[Event "International Tournament "]
[Site "Paracin, Pool "]
[Date "2019.07.06"]
[Round "2.41"]
[White "Gajic, Mladen"]
[Black "Sahil, Tickoo"]
[Result "0-1"]
[WhiteElo "2334"]
[BlackElo "2187"]
[PlyCount "74"]
[EventDate "2019.07.05"]

1. e4 c5 2. c3 d5 3. exd5 Nf6 4. Bb5+ Nbd7 5. c4 a6 6. Bxd7+ Qxd7 7. b3 b5 8.
Qe2 e6 9. Nf3 Be7 10. dxe6 Qxe6 11. Qxe6 Bxe6 12. d3 Bf5 13. Ke2 O-O-O 14. Rd1
Rhe8 15. Be3 Nh5 16. Nc3 Bf6 17. Nd5 Bxa1 18. Rxa1 Nf6 19. Nxf6 Bxd3+ 20. Kd2
gxf6 21. cxb5 Bxb5+ 22. Kc3 Rd3+ 23. Kb2 Bc6 24. Rc1 Bxf3 25. Rxc5+ Kb7 26.
gxf3 Re5 27. Rc4 Rdd5 28. a4 a5 29. b4 axb4 30. Rxb4+ Kc8 31. Rc4+ Kd7 32. Kc3
Rf5 33. h4 Rd1 34. Kb4 h5 35. Re4 Rb1+ 36. Kc3 Rxf3 37. a5 Kc6 0-1

[Event "International Tournament "]
[Site "Paracin, Pool "]
[Date "2019.07.06"]
[Round "2.42"]
[White "Rabrenovic, Vladan"]
[Black "Angun, Batu"]
[Result "1-0"]
[WhiteElo "2326"]
[BlackElo "2054"]
[PlyCount "85"]
[EventDate "2019.07.05"]

1. d4 Nf6 2. c4 g6 3. Nc3 d5 4. e3 Bg7 5. Qb3 c6 6. Nf3 O-O 7. Bd2 dxc4 8. Bxc4
b5 9. Be2 a5 10. O-O Ba6 11. a3 Nbd7 12. Rfd1 Qb8 13. Na2 Qb6 14. Qc2 c5 15.
dxc5 Qxc5 16. Rac1 Qxc2 17. Rxc2 b4 18. Bxa6 b3 19. Rc3 bxa2 20. Bc4 Rab8 21.
Rc2 Ne4 22. Bxa2 Rxb2 23. Rxb2 Bxb2 24. Bxa5 Ra8 25. Rxd7 Rxa5 26. Rxe7 Rxa3
27. Rxe4 Rxa2 28. g4 h6 29. Kg2 Bf6 30. Rc4 Ra5 31. h4 Kg7 32. Kg3 Be5+ 33. Kg2
Bf6 34. Kh3 Ra2 35. Kg3 Ra5 36. Rc8 Be5+ 37. Kh3 f5 38. gxf5 gxf5 39. h5 Bd6
40. Rc6 Bf8 41. Nd4 Be7 42. Rb6 f4 43. Rb5 1-0

[Event "International Tournament "]
[Site "Paracin, Pool "]
[Date "2019.07.06"]
[Round "2.43"]
[White "Konaplev, Anton"]
[Black "Shahil, Dey"]
[Result "1/2-1/2"]
[WhiteElo "2314"]
[BlackElo "2037"]
[PlyCount "49"]
[EventDate "2019.07.05"]

1. d4 d5 2. c4 c6 3. e3 Nf6 4. Nc3 e6 5. Nf3 Nbd7 6. Qc2 Bd6 7. b3 O-O 8. Be2
Qe7 9. O-O e5 10. cxd5 e4 11. Nd2 cxd5 12. Nb5 a6 13. Nxd6 Qxd6 14. a4 Re8 15.
Ba3 Qe6 16. f3 exf3 17. Rxf3 Nf8 18. Bd3 Bd7 19. Raf1 Rac8 20. Qb1 Ng6 21. Re1
Ne4 22. Bxe4 dxe4 23. Rf2 b5 24. axb5 Bxb5 25. Rc1 1/2-1/2

[Event "International Tournament "]
[Site "Paracin, Pool "]
[Date "2019.07.06"]
[Round "2.44"]
[White "Danaci, Ege"]
[Black "Apaydin, Fethi"]
[Result "0-1"]
[WhiteElo "1976"]
[BlackElo "2310"]
[PlyCount "64"]
[EventDate "2019.07.05"]

1. e4 c5 2. Nf3 Nc6 3. Bb5 e6 4. Bxc6 bxc6 5. O-O f6 6. d3 Ne7 7. e5 Ng6 8.
exf6 gxf6 9. c3 Be7 10. d4 cxd4 11. cxd4 O-O 12. h4 Bd6 13. Nc3 Qa5 14. Ne4 Be7
15. Bh6 Rf7 16. Ng3 Bd8 17. h5 Ne7 18. Nh4 Kh8 19. Qg4 Ng8 20. Ng6+ hxg6 21.
hxg6 Nxh6 22. gxf7 Be7 23. Qh3 Kg7 24. f4 Ba6 25. Rf3 Rh8 26. f5 Qd5 27. Rd1
Nxf7 28. Nh5+ Kf8 29. Qg4 Rg8 30. Qf4 e5 31. Qe3 Rg5 32. Rh3 Qxg2# 0-1

[Event "International Tournament "]
[Site "Paracin, Pool "]
[Date "2019.07.06"]
[Round "2.45"]
[White "Colovic, Dusan"]
[Black "Kishan, Gangolli"]
[Result "1-0"]
[WhiteElo "2297"]
[BlackElo "2035"]
[PlyCount "59"]
[EventDate "2019.07.05"]

1. d4 Nf6 2. Nc3 d5 3. Bf4 c6 4. e3 Bf5 5. f3 e6 6. g4 Bg6 7. h4 h6 8. Bd3 Bxd3
9. cxd3 Bd6 10. Nge2 Bxf4 11. Nxf4 Nbd7 12. Kf2 e5 13. dxe5 Nxe5 14. d4 Nc4 15.
b3 Nd6 16. Qc2 Qa5 17. Rac1 O-O-O 18. b4 Qxb4 19. Nfxd5 Nxd5 20. Nxd5 Qa5 21.
Ne7+ Kd7 22. Nf5 g6 23. Nxd6 Kxd6 24. h5 g5 25. Qb2 Kc7 26. Rc5 Qa6 27. Rhc1
Rd6 28. Qb3 Rf6 29. d5 Qb6 30. Qc3 1-0

[Event "International Tournament "]
[Site "Paracin, Pool "]
[Date "2019.07.06"]
[Round "2.46"]
[White "Mitev, Valentin"]
[Black "Mammadov, Mustafa"]
[Result "0-1"]
[WhiteElo "2296"]
[BlackElo "2005"]
[PlyCount "132"]
[EventDate "2019.07.05"]

1. d4 Nf6 2. Bg5 d5 3. Bxf6 exf6 4. c4 dxc4 5. e3 Be6 6. Ne2 Bd6 7. Nec3 Nd7 8.
d5 Bf5 9. Bxc4 O-O 10. Bd3 Bxd3 11. Qxd3 Ne5 12. Qe2 f5 13. O-O Re8 14. g3 g6
15. Rd1 h5 16. Nd2 h4 17. Nc4 Nxc4 18. Qxc4 hxg3 19. hxg3 Qg5 20. Kf1 a6 21.
Rd4 b5 22. Qe2 b4 23. Nb1 Re4 24. Rd3 Kg7 25. Nd2 Rg4 26. Qf3 Rh8 27. Qg2 Rh5
28. Nf3 Qh6 29. Rad1 Rh3 30. Ng1 Rh2 31. Qf3 Rh1 32. Qg2 Rh2 33. Qf3 Qg5 34.
Rd4 Be5 35. R4d2 Qh5 36. Re2 Rh1 37. Qg2 Rh2 38. Qf3 a5 39. Ke1 Rh1 40. Qg2 Rh2
41. Qf1 Rh1 42. Qg2 a4 43. f4 Bf6 44. Rf2 a3 45. bxa3 bxa3 46. Kd2 Qh8 47. Rc1
Rxg3 48. Qxg3 Bh4 49. Qf3 Bxf2 50. Ne2 Rxc1 51. Nxc1 Bh4 52. Qh1 Qd8 53. Nd3
Bf6 54. e4 fxe4 55. Qxe4 Qh8 56. Kc2 Qa8 57. Qc4 Qa5 58. Kb3 Be7 59. Qd4+ Kg8
60. Qc4 Bd6 61. Qc6 Qd2 62. Qc4 Qd1+ 63. Kc3 Qb1 64. Qc6 Qxa2 65. Qe8+ Kg7 66.
Ne5 Qxd5 0-1

[Event "International Tournament "]
[Site "Paracin, Pool "]
[Date "2019.07.06"]
[Round "2.47"]
[White "Harshini, A."]
[Black "Boldoo, Erdenepurev"]
[Result "1/2-1/2"]
[WhiteElo "2018"]
[BlackElo "2295"]
[PlyCount "256"]
[EventDate "2019.07.05"]

1. e4 c5 2. Nf3 e6 3. d4 cxd4 4. Nxd4 Nc6 5. Nc3 a6 6. Be2 d6 7. O-O Nf6 8. Be3
Be7 9. Kh1 O-O 10. a4 Bd7 11. Nb3 Nb4 12. a5 Bc6 13. f3 d5 14. e5 Nd7 15. f4 b5
16. Nb1 Bb7 17. c3 Nc6 18. Bd3 g6 19. N1d2 Rc8 20. Qe2 Qc7 21. Rf3 f6 22. exf6
Bxf6 23. Rh3 Rce8 24. Rxh7 Ne7 25. Rh3 e5 26. Bxg6 Nxg6 27. Qg4 Kf7 28. Rh7+
Bg7 29. f5 Nf6 30. Qxg6+ Kg8 31. Rh3 Qf7 32. Rg3 Nh5 33. Qxf7+ Kxf7 34. Rg6 d4
35. cxd4 exd4 36. Bxd4 Bxd4 37. Nxd4 Nf4 38. Rg3 Ne2 39. Nxe2 Rxe2 40. Nf3 Rxb2
41. Ng5+ Ke7 42. Re1+ Kd7 43. Rd1+ Kc8 44. Ne6 Re8 45. Nc5 Rd2 46. Rg1 Bd5 47.
Nxa6 Re4 48. Nc5 Rc4 49. Nb3 Rb2 50. h3 Rf4 51. Rc1+ Kb8 52. Nc5 Rxf5 53. Na6+
Kb7 54. Nc7 Bc4 55. Rg7 Rf7 56. a6+ Kb6 57. Rxf7 Bxf7 58. Ra1 Kxc7 59. a7 Bd5
60. a8=Q Bxa8 61. Rxa8 b4 62. Kh2 b3 63. Ra4 Kc6 64. Rb4 Kc5 65. Rb8 Kc4 66. h4
Rd2 67. h5 Rd5 68. g4 Rb5 69. Rxb5 Kxb5 70. h6 b2 71. h7 b1=Q 72. h8=Q Kc5 73.
Qe5+ Kc6 74. Qe6+ Kc5 75. g5 Qd3 76. g6 Qf3 77. Qe5+ Kc6 78. g7 Qf7 79. Kg3 Kd7
80. Kh4 Qf2+ 81. Kg5 Qg2+ 82. Kf6 Qc6+ 83. Kg5 Qg2+ 84. Kh6 Qh3+ 85. Kg6 Qg4+
86. Kh7 Qh3+ 87. Kg6 Qg4+ 88. Kf6 Qh4+ 89. Qg5 Qd4+ 90. Kg6 Qd6+ 91. Kh7 Qh2+
92. Qh6 Qc2+ 93. Kh8 Qb2 94. Qf4 Ke7 95. Qe4+ Kf7 96. Qf3+ Ke7 97. Qf8+ Kd7 98.
Qf7+ Kd8 99. Kg8 Qe5 100. Kh7 Qh2+ 101. Kg6 Qg3+ 102. Kh6 Qh3+ 103. Qh5 Qe6+
104. Kh7 Qe4+ 105. Kh6 Qe6+ 106. Qg6 Qh3+ 107. Kg5 Qg3+ 108. Kf6 Qd6+ 109. Kf7
Qe7+ 110. Kg8 Qe5 111. Qf7 Qd4 112. Qf8+ Kd7 113. Qf5+ Ke7 114. Qg5+ Kd7 115.
Qf5+ Ke7 116. Qg5+ Kd7 117. Kf7 Qc4+ 118. Kg6 Qe6+ 119. Qf6 Qg4+ 120. Kh7 Qh5+
121. Qh6 Qf5+ 122. Kh8 Qe5 123. Qh3+ Ke7 124. Kg8 Qd4 125. Qh6 Qc3 126. Kh8 Qd4
127. Kh7 Qd3+ 128. Qg6 Qh3+ 1/2-1/2

[Event "International Tournament "]
[Site "Paracin, Pool "]
[Date "2019.07.06"]
[Round "2.48"]
[White "Holland, James P"]
[Black "Yerden, Huseyin Eren"]
[Result "1/2-1/2"]
[WhiteElo "2263"]
[BlackElo "1992"]
[PlyCount "71"]
[EventDate "2019.07.05"]

1. Nf3 Nf6 2. b3 g6 3. Bb2 Bg7 4. c4 O-O 5. e3 c5 6. Be2 b6 7. O-O Bb7 8. d4
cxd4 9. Nxd4 d5 10. Nc3 dxc4 11. Bxc4 a6 12. a4 Nbd7 13. Rc1 Ne5 14. Be2 Qd6
15. Nf3 Qxd1 16. Rfxd1 Nxf3+ 17. Bxf3 Bxf3 18. gxf3 Rfd8 19. Ba3 e6 20. Be7
Rxd1+ 21. Rxd1 Rc8 22. Bxf6 Bxf6 23. Ne4 Be7 24. Rd7 Kf8 25. Rb7 Rc6 26. Nd2
Bd8 27. Nc4 Bc7 28. Ra7 a5 29. f4 Ke8 30. Kf1 Kd8 31. Ra8+ Kd7 32. Rh8 h5 33.
Ke2 Rc5 34. Kd3 Rd5+ 35. Kc2 Rf5 36. h3 1/2-1/2

[Event "International Tournament "]
[Site "Paracin, Pool "]
[Date "2019.07.06"]
[Round "2.49"]
[White "Munkhzul, Davaakhuu"]
[Black "Eswaran, Ashritha"]
[Result "0-1"]
[WhiteElo "1863"]
[BlackElo "2257"]
[PlyCount "120"]
[EventDate "2019.07.05"]

1. e4 e6 2. d4 d5 3. Nd2 c5 4. Ngf3 Nf6 5. exd5 exd5 6. Bb5+ Bd7 7. Bxd7+ Nbxd7
8. O-O Be7 9. dxc5 Nxc5 10. Nb3 Nce4 11. Nbd4 Nd6 12. Bf4 O-O 13. Ne5 Re8 14.
Qf3 Nfe4 15. Rad1 Bg5 16. Nd3 Nc4 17. Rfe1 Qb6 18. Nf5 Nxb2 19. Nxb2 Qxb2 20.
Bxg5 Nxg5 21. Qxd5 Qb4 22. Ne7+ Kf8 23. a3 Qxa3 24. Qxb7 Qc3 25. Re3 Qxc2 26.
Rde1 Ne6 27. Rf3 Rab8 28. Qxa7 Qb1 29. Kf1 Qb5+ 30. Kg1 Rxe7 31. Qa3 Qb4 32.
Qc1 Nd4 33. Rfe3 Rxe3 34. Rxe3 Qb1 35. Qf1 Qa2 36. Re1 g6 37. Qd3 Rd8 38. Qe4
Ne6 39. g3 Qd5 40. h4 Qxe4 41. Rxe4 Rd4 42. Re3 h5 43. Kg2 Kg7 44. Rf3 Rd2 45.
Re3 Nd4 46. Re4 Kf6 47. Rf4+ Kg7 48. Re4 Ne6 49. Re3 Nc5 50. Rf3 Nd3 51. Kg1
Nxf2 52. Rxf2 Rxf2 53. Kxf2 Kf6 54. Ke3 Ke5 55. Kf3 Kf5 56. Ke3 Kg4 57. Kf2 f6
58. Kg2 f5 59. Kf2 f4 60. gxf4 Kxf4 0-1

[Event "International Tournament "]
[Site "Paracin, Pool "]
[Date "2019.07.06"]
[Round "2.50"]
[White "Baterdene, Tsogbayar"]
[Black "Tanishka, Kotia"]
[Result "0-1"]
[WhiteElo "2247"]
[BlackElo "1942"]
[PlyCount "66"]
[EventDate "2019.07.05"]

1. e4 d5 2. exd5 Nf6 3. Nf3 Nxd5 4. d4 Bg4 5. h3 Bh5 6. c4 Nb6 7. Nc3 e6 8. g4
Bg6 9. c5 Nd5 10. Ne5 Nxc3 11. bxc3 Be4 12. Qa4+ c6 13. f3 Qh4+ 14. Ke2 f6 15.
Qb3 fxe5 16. Qxe6+ Be7 17. fxe4 Rf8 18. Be3 Nd7 19. d5 Rf6 20. Qg8+ Bf8 21. g5
Rf7 22. dxc6 bxc6 23. Bg2 Qh5+ 24. Ke1 O-O-O 25. Rf1 Rxf1+ 26. Kxf1 Bxc5 27.
Qc4 Rf8+ 28. Ke1 Bxe3 29. Qxc6+ Kd8 30. Rd1 Qh4+ 31. Ke2 Qf2+ 32. Kd3 Qxg2 33.
Kc4 Qxa2+ 0-1

[Event "International Tournament "]
[Site "Paracin, Pool "]
[Date "2019.07.06"]
[Round "2.51"]
[White "Nagare, Akhilesh"]
[Black "Radosavljevic, Slobodan D"]
[Result "1/2-1/2"]
[WhiteElo "1928"]
[BlackElo "2246"]
[PlyCount "103"]
[EventDate "2019.07.05"]

1. b3 e5 2. Bb2 Nc6 3. c4 Nf6 4. e3 Be7 5. d3 O-O 6. Nd2 d5 7. cxd5 Qxd5 8.
Ngf3 Bg4 9. Be2 Rad8 10. O-O e4 11. dxe4 Nxe4 12. Nxe4 Qxe4 13. Qb1 Qe6 14. Bc4
Qg6 15. Qxg6 hxg6 16. Rad1 Bf6 17. Ba3 Rxd1 18. Rxd1 Rd8 19. Rxd8+ Nxd8 20. Ne1
b6 21. Nd3 a5 22. Nf4 c6 23. Bd6 g5 24. Ne2 b5 25. Bd3 Nb7 26. f3 Bxf3 27. gxf3
Nxd6 28. Ng3 Nc8 29. a4 bxa4 30. bxa4 Nb6 31. Bc2 Kf8 32. Kf2 g6 33. Ke2 Be7
34. Ne4 f5 35. Nf2 Bd6 36. Nh3 Bxh2 37. Nxg5 Be5 38. f4 Bf6 39. Ne6+ Ke7 40.
Nc5 Bc3 41. Bb3 Bb4 42. Nd3 Bd6 43. Nb2 Nd5 44. Nc4 Bc7 45. Kf3 Kf6 46. Bc2 Nb4
47. Bb1 Nd5 48. Bc2 Nc3 49. Nd2 g5 50. fxg5+ Kxg5 51. Nb3 Bb6 52. Nd2 1/2-1/2